[Event "COL-ch sf (Women)"]
[Site "Pereira"]
[Date "2024.03.30"]
[Round "7"]
[White "Finley Rosero, Karol Valentina"]
[Black "Caicedo Anguila, Juliana Andrea"]
[Result "1-0"]
[WhiteElo "1824"]
[BlackElo "1834"]
[PlyCount "81"]
[EventDate "2024.03.27"]
[EventType "swiss"]
[EventRounds "9"]
[EventCountry "COL"]
[SourceTitle "CB14_2024"]
[SourceDate "2024.04.01"]
[SourceVersion "1"]
[SourceVersionDate "2024.04.01"]
[SourceQuality "1"]

1. e4 g6 2. Nf3 Bg7 3. Bc4 d6 4. 0-0 Nf6 5. Re1 Bg4 6. h3 Bxf3 7. Qxf3 e5 8. c3 0-0 9. d3 c6 10. Bg5 Nbd7 11. Nd2 b5 12. Bb3 Nc5 13. Bc2 Ne6 14. Bh4 a5 15. Rad1 Qe7 16. Nf1 g5 17. Bg3 Ne8 18. Ne3 Qf6 19. Nf5 Bh8 20. h4 Ra7 21. hxg5 Nxg5 22. Qg4 Qg6 23. Bh4 Bf6 24. d4 Ne6 25. Bxf6 Nxf6 26. Qxg6+ fxg6 27. Nxd6 exd4 28. Bb3 Re7 29. cxd4 a4 30. Bxe6+ Rxe6 31. e5 Nd5 32. a3 Rb8 33. Rc1 Rb6 34. Re2 b4 35. Rc4 bxa3 36. bxa3 g5 37. Rxa4 Rb1+ 38. Kh2 Rb3 39. Nf5 Kf7 40. Ra7+ Kg6 41. g4 1-0

[Event "COL-ch U20 Girls"]
[Site "Cali"]
[Date "2024.02.29"]
[Round "3"]
[White "Finley Rosero, Karol Valentina"]
[Black "Largo Chaparro, Sofia Alejandra"]
[Result "1/2-1/2"]
[WhiteElo "1706"]
[BlackElo "1454"]
[PlyCount "75"]
[EventDate "2024.02.28"]
[EventType "swiss"]
[EventRounds "9"]
[EventCountry "COL"]
[SourceTitle "CB11_2024"]
[SourceDate "2024.03.13"]
[SourceVersion "1"]
[SourceVersionDate "2024.03.13"]
[SourceQuality "1"]

1. e4 c5 2. Nf3 g6 3. d4 cxd4 4. Nxd4 Nc6 5. c4 Nf6 6. Nc3 Nxd4 7. Qxd4 d6 8. Be2 Bg7 9. Be3 0-0 10. Qd2 Ng4 11. Bxg4 Bxg4 12. 0-0 a6 13. Rac1 Re8 14. Nd5 Rb8 15. Bb6 Qd7 16. c5 Be6 17. Nc7 Rf8 18. b3 dxc5 19. Qxd7 Bxd7 20. Bxc5 Bf6 21. Nd5 Rfe8 22. e5 Bxe5 23. Nxe7+ Kg7 24. Rfe1 Bf6 25. Nd5 Bb2 26. Rcd1 Rxe1+ 27. Rxe1 Re8 28. Rxe8 Bxe8 29. f3 Bc6 30. Nb4 Bb5 31. Kf2 Kf6 32. Be3 Ke5 33. a4 a5 34. axb5 axb4 35. Ke2 Kd5 36. Kd3 Be5 37. h3 Bd6 38. g4 1/2-1/2

[Event "COL-chT (Women)"]
[Site "Risaralda"]
[Date "2023.11.20"]
[Round "3.2"]
[White "Velez Alvarez, Laura Camila"]
[Black "Finley Rosero, Karol Valentina"]
[Result "0-1"]
[WhiteElo "1778"]
[BlackElo "1683"]
[PlyCount "121"]
[EventDate "2023.11.19"]
[EventType "team-swiss"]
[EventRounds "7"]
[EventCountry "COL"]
[SourceTitle "CB49_2023"]
[SourceDate "2023.12.06"]
[SourceVersion "1"]
[SourceVersionDate "2023.12.06"]
[SourceQuality "1"]
[WhiteTeam "Caqueta (W)"]
[BlackTeam "Narino (W)"]
[WhiteTeamCountry "COL"]
[BlackTeamCountry "COL"]

1. e4 c5 2. Nf3 d6 3. d4 cxd4 4. Nxd4 Nf6 5. f3 g6 6. c4 Bg7 7. Nc3 0-0 8. Be3 Nc6 9. Qd2 Bd7 10. Be2 Nxd4 11. Bxd4 Bc6 12. 0-0 Nd7 13. Rfd1 a5 14. b3 Bxd4+ 15. Qxd4 Qb6 16. Nd5 Bxd5 17. exd5 Qxd4+ 18. Rxd4 Rfc8 19. Re1 Rc7 20. f4 Nb6 21. a3 Rac8 22. Kf2 a4 23. b4 Kf8 24. Rc1 Nd7 25. b5 Nc5 26. Bd1 Nb3 27. Bxb3 axb3 28. b6 b2 29. Rb1 Rxc4 30. Rxc4 Rxc4 31. Rxb2 Rxf4+ 32. Ke3 Rc4 33. Kd3 Rc5 34. Ke4 Rc3 35. Kd4 Rxa3 36. Kc4 Ke8 37. Rc2 Ra5 38. Kb4 Rc5 39. Ra2 Rc8 40. Ra7 Rb8 41. Kc4 e6 42. Kd4 Kd7 43. g4 h6 44. h4 f6 45. Ke4 f5+ 46. gxf5 gxf5+ 47. Kd4 f4 48. Ra3 exd5 49. Kxd5 Re8 50. Rf3 Re5+ 51. Kd4 Rb5 52. Rxf4 Rb4+ 53. Ke3 Rxf4 54. Kxf4 Kc6 55. h5 Kxb6 56. Ke4 Kc5 57. Ke3 Kc4 58. Kd2 d5 59. Kc2 d4 60. Kd2 b5 61. Kd1 0-1

[Event "COL-chT (Women)"]
[Site "Risaralda"]
[Date "2023.11.19"]
[Round "1.2"]
[White "Finley Rosero, Karol Valentina"]
[Black "Mercado Maestre, Maria Angel"]
[Result "1-0"]
[WhiteElo "1683"]
[BlackElo "1473"]
[PlyCount "115"]
[EventDate "2023.11.19"]
[EventType "team-swiss"]
[EventRounds "7"]
[EventCountry "COL"]
[SourceTitle "CB49_2023"]
[SourceDate "2023.12.06"]
[SourceVersion "1"]
[SourceVersionDate "2023.12.06"]
[SourceQuality "1"]
[WhiteTeam "Narino (W)"]
[BlackTeam "Atlantico (W)"]
[WhiteTeamCountry "COL"]
[BlackTeamCountry "COL"]

1. e4 e5 2. Nf3 Nc6 3. Bb5 a6 4. Ba4 Nf6 5. d4 exd4 6. 0-0 Be7 7. Re1 b5 8. Bb3 d6 9. Bd5 Nxd5 10. exd5 Ne5 11. Nxd4 0-0 12. Bf4 Bf6 13. Bxe5 Bxe5 14. Nc6 Qg5 15. Nxe5 dxe5 16. Qf3 Bb7 17. Nc3 Rad8 18. a3 Rfe8 19. Rad1 f5 20. Qe3 Qxe3 21. Rxe3 e4 22. f3 Re5 23. fxe4 fxe4 24. Rxe4 Rxe4 25. Nxe4 Rxd5 26. Rxd5 Bxd5 27. Nc5 a5 28. Kf2 c6 29. g3 Kf7 30. Ke3 a4 31. Kd4 Ke7 32. Ke5 Bf3 33. c3 Bd5 34. Nd3 Bf3 35. Nf4 Bg4 36. Ng2 Be6 37. Nf4 Bg4 38. Nd3 Bf3 39. Nc5 Bd5 40. Nd3 Bf3 41. Ne1 Bd5 42. Nc2 Bg2 43. Nd4 Bd5 44. Nf5+ Kf7 45. Kd6 Be6 46. Nd4 Bc4 47. Nxc6 Kf6 48. Nd4 Bf1 49. Kc5 Bc4 50. Nxb5 Bb3 51. Nd4 Bd1 52. Kd6 g6 53. c4 Bg4 54. c5 h5 55. c6 g5 56. c7 Bc8 57. Nc6 Ba6 58. Ne7 1-0

[Event "Pasto Futuros Maestros-A"]
[Site "Pasto"]
[Date "2023.01.14"]
[Round "2"]
[White "Finley Rosero, Karol Valentina"]
[Black "Barreiro Jurado, Frank"]
[Result "1/2-1/2"]
[WhiteElo "1705"]
[BlackElo "1992"]
[PlyCount "53"]
[EventDate "2023.01.13"]
[EventType "tourn"]
[EventRounds "7"]
[EventCountry "COL"]
[SourceTitle "CBM 212 Extra"]
[Source "ChessBase"]
[SourceDate "2023.03.31"]
[SourceVersion "1"]
[SourceVersionDate "2023.03.31"]
[SourceQuality "1"]

1. e4 e5 2. Nf3 Nc6 3. Bb5 a6 4. Ba4 Nf6 5. d4 exd4 6. 0-0 Be7 7. Re1 0-0 8. e5 Nd5 9. Nxd4 Nxd4 10. Qxd4 Nb6 11. Bb3 d6 12. c3 dxe5 13. Qxe5 Bf6 14. Qe4 g6 15. Bh6 Bg7 16. Bxg7 Kxg7 17. Qe5+ Kg8 18. Na3 Nd7 19. Qf4 c6 20. Nc4 Qf6 21. Qg3 b5 22. Nd6 Nc5 23. Ne8 Qh8 24. Qg5 Bf5 25. Nf6+ Kg7 26. Nh5+ Kg8 27. Nf6+ 1/2-1/2

[Event "COL-chT (Women)"]
[Site "Bucaramanga"]
[Date "2022.09.08"]
[Round "4.3"]
[White "Mogollon Tobar, Nicolle Juliet"]
[Black "Finley Rosero, Karol Valentina"]
[Result "1-0"]
[WhiteElo "1845"]
[BlackElo "1605"]
[PlyCount "49"]
[EventDate "2022.09.06"]
[EventType "team-swiss"]
[EventRounds "6"]
[EventCountry "COL"]
[SourceTitle "CBM 210 Extra"]
[Source "ChessBase"]
[SourceDate "2022.11.30"]
[SourceVersion "1"]
[SourceVersionDate "2022.11.30"]
[SourceQuality "1"]
[WhiteTeam "Valle (W)"]
[BlackTeam "Narino (W)"]
[WhiteTeamCountry "COL"]
[BlackTeamCountry "COL"]

1. e4 c5 2. Nf3 d6 3. d4 cxd4 4. Nxd4 Nf6 5. Nc3 g6 6. Be3 Bg7 7. f3 0-0 8. Qd2 Nc6 9. 0-0-0 Nxd4 10. Bxd4 Be6 11. Kb1 Qc7 12. h4 Rfc8 13. h5 Qa5 14. hxg6 fxg6 15. a3 Rab8 16. g4 b5 17. Qg5 Qc7 18. Bd3 b4 19. Nd5 Bxd5 20. Bxf6 Bxf6 21. Qxd5+ Kg7 22. Rxh7+ Kxh7 23. Qf7+ Kh6 24. f4 Rb5 25. Rh1+ 1-0

[Event "COL-ch U18 Girls"]
[Site "Medellin"]
[Date "2022.06.05"]
[Round "9"]
[White "Finley Rosero, Karol Valentina"]
[Black "Ruiz Jaraba, Valentina Sofia"]
[Result "1/2-1/2"]
[WhiteElo "1541"]
[BlackElo "1845"]
[PlyCount "68"]
[EventDate "2022.06.01"]
[EventType "swiss"]
[EventRounds "9"]
[EventCountry "COL"]
[SourceTitle "CBM 208 Extra"]
[Source "ChessBase"]
[SourceDate "2022.07.31"]
[SourceVersion "1"]
[SourceVersionDate "2022.07.31"]
[SourceQuality "1"]

1. e4 c5 2. Nf3 a6 3. c4 e6 4. d4 cxd4 5. Nxd4 Nf6 6. Nc3 d6 7. Be2 Be7 8. 0-0 0-0 9. Be3 Qc7 10. Rc1 b6 11. Bg4 Re8 12. f4 Bb7 13. Bf3 Nbd7 14. Bf2 Rac8 15. b3 Qb8 16. Qe2 Bd8 17. Rfe1 Bc7 18. Bg3 b5 19. e5 Bb6 20. Bf2 Bxf3 21. Nxf3 Bxf2+ 22. Qxf2 dxe5 23. fxe5 Ng4 24. Qd4 Qb6 25. Qxb6 Nxb6 26. cxb5 axb5 27. Nxb5 Rxc1 28. Rxc1 Nd5 29. Nd6 Rd8 30. Rc8 Rxc8 31. Nxc8 Kf8 32. a4 f6 33. exf6 gxf6 34. a5 Nb4 1/2-1/2

[Event "COL-ch U18 Girls"]
[Site "Medellin"]
[Date "2022.06.02"]
[Round "3"]
[White "Finley Rosero, Karol Valentina"]
[Black "Castano, Saray"]
[Result "0-1"]
[WhiteElo "1541"]
[BlackElo "1692"]
[PlyCount "26"]
[EventDate "2022.06.01"]
[EventType "swiss"]
[EventRounds "9"]
[EventCountry "COL"]
[SourceTitle "CBM 208 Extra"]
[Source "ChessBase"]
[SourceDate "2022.07.31"]
[SourceVersion "1"]
[SourceVersionDate "2022.07.31"]
[SourceQuality "1"]

1. e4 c5 2. Nf3 Nc6 3. d4 cxd4 4. Nxd4 g6 5. c4 Bg7 6. Be3 Qb6 7. Nb3 Qd8 8. Nd4 Qb6 9. Nb3 Qc7 10. Qd2 Nf6 11. f3 0-0 12. Nc3 d6 13. Nd5 Qd8 0-1

[Event "Pereira Gildardo Garcia Memorial-B"]
[Site "Pereira"]
[Date "2022.05.21"]
[Round "7"]
[White "Cordoba Perez, Jeronimo"]
[Black "Finley Rosero, Karol Valentina"]
[Result "1-0"]
[WhiteElo "1888"]
[BlackElo "1493"]
[PlyCount "81"]
[EventDate "2022.05.18"]
[EventType "swiss"]
[EventRounds "9"]
[EventCountry "COL"]
[SourceTitle "CBM 208 Extra"]
[Source "ChessBase"]
[SourceDate "2022.07.31"]
[SourceVersion "1"]
[SourceVersionDate "2022.07.31"]
[SourceQuality "1"]

1. c4 Nf6 2. g3 c6 3. Bg2 e5 4. d4 exd4 5. Qxd4 d5 6. Nc3 Be6 7. cxd5 Nxd5 8. Nxd5 cxd5 9. Nf3 Nc6 10. Qa4 Bb4+ 11. Bd2 Bxd2+ 12. Nxd2 0-0 13. 0-0 Qb6 14. Nb3 d4 15. Bxc6 Bxb3 16. Qxb3 bxc6 17. Qc2 Rfd8 18. Rac1 Rac8 19. b3 Qb5 20. Rfd1 c5 21. Qc4 Qd7 22. Rd2 Rc6 23. Qb5 Rdc8 24. Rdc2 a6 25. Qa5 Qd6 26. Rc4 h6 27. R1c2 Kh7 28. h4 Qg6 29. Qd2 Qh5 30. b4 Qd5 31. bxc5 Rxc5 32. Qd3+ g6 33. Rxc5 Rxc5 34. Rxc5 Qxc5 35. Qxa6 Qc2 36. a4 Qb1+ 37. Kg2 Qe4+ 38. Kg1 Qb1+ 39. Kh2 Qf5 40. f3 g5 41. Qd3 1-0

[Event "COL-ch U1700"]
[Site "Pereira"]
[Date "2022.02.19"]
[Round "7"]
[White "Finley Rosero, Karol Valentina"]
[Black "Norena Marin, Jeronimo"]
[Result "1-0"]
[WhiteElo "1473"]
[BlackElo "1375"]
[PlyCount "89"]
[EventDate "2022.02.16"]
[EventType "swiss"]
[EventRounds "9"]
[EventCountry "COL"]
[SourceTitle "CBM 207 Extra"]
[Source "ChessBase"]
[SourceDate "2022.05.31"]
[SourceVersion "1"]
[SourceVersionDate "2022.05.31"]
[SourceQuality "1"]

1. e4 d5 2. exd5 Nf6 3. d4 Bg4 4. Be2 Bxe2 5. Nxe2 Qxd5 6. 0-0 Nc6 7. Nbc3 Qh5 8. Ng3 Qxd1 9. Rxd1 0-0-0 10. Be3 e6 11. a3 Be7 12. Nce4 Nd5 13. c4 Nb6 14. c5 Nd5 15. Nc3 Na5 16. Nxd5 Rxd5 17. b4 Nc4 18. Rdc1 Nxe3 19. fxe3 e5 20. Nf5 Bg5 21. h4 exd4 22. e4 Rxf5 23. exf5 Bxc1 24. Rxc1 Re8 25. Rd1 Re4 26. g3 Kd7 27. Kf2 Kc6 28. Kf3 Kd5 29. Rd3 Re3+ 30. Rxe3 dxe3 31. Kxe3 Kc4 32. g4 Kb3 33. Kd3 Kxa3 34. Kc4 Kb2 35. g5 Kc2 36. h5 Kd2 37. g6 hxg6 38. f6 gxf6 39. h6 f5 40. h7 f4 41. h8Q f3 42. Qb2+ Ke3 43. Qc3+ Ke2 44. Qe5+ Kd2 45. Kd4 1-0

[Event "COL-ch U1700"]
[Site "Pereira"]
[Date "2022.02.18"]
[Round "5"]
[White "Finley Rosero, Karol Valentina"]
[Black "Quevedo Bonilla, Paula Thaliana"]
[Result "1/2-1/2"]
[WhiteElo "1473"]
[BlackElo "1314"]
[PlyCount "83"]
[EventDate "2022.02.16"]
[EventType "swiss"]
[EventRounds "9"]
[EventCountry "COL"]
[SourceTitle "CBM 207 Extra"]
[Source "ChessBase"]
[SourceDate "2022.05.31"]
[SourceVersion "1"]
[SourceVersionDate "2022.05.31"]
[SourceQuality "1"]

1. e4 e5 2. Nf3 Nc6 3. Bb5 a6 4. Ba4 b5 5. Bb3 Nf6 6. 0-0 d6 7. Ng5 Be6 8. Nxe6 fxe6 9. Bxe6 Nd4 10. Bb3 Nxb3 11. axb3 Be7 12. Nc3 0-0 13. d3 Qe8 14. f4 Qc6 15. fxe5 dxe5 16. Bg5 Bc5+ 17. Kh1 Qe6 18. Bxf6 Rxf6 19. Qe2 Raf8 20. Rxf6 Rxf6 21. Rf1 Rh6 22. Nd5 c6 23. b4 Ba7 24. Qf3 Qe8 25. Ne3 Bxe3 26. Qxe3 Qh5 27. h3 Rf6 28. Rxf6 gxf6 29. Qf3 Qh6 30. Kh2 Qd2 31. Qg4+ Kf7 32. Qd7+ Kg6 33. Qe8+ Kg7 34. Qe7+ Kg6 35. Qe8+ Kg7 36. Qd7+ Kg6 37. Qf5+ Kg7 38. Qg4+ Kf7 39. h4 Qxc2 40. Qd7+ Kg8 41. Qd8+ Kg7 42. Qe7+ 1/2-1/2

[Event "COL-ch U1700"]
[Site "Pereira"]
[Date "2022.02.18"]
[Round "4"]
[White "Ladino Hernandez, Angel Joel"]
[Black "Finley Rosero, Karol Valentina"]
[Result "0-1"]
[WhiteElo "1147"]
[BlackElo "1473"]
[PlyCount "40"]
[EventDate "2022.02.16"]
[EventType "swiss"]
[EventRounds "9"]
[EventCountry "COL"]
[SourceTitle "CBM 207 Extra"]
[Source "ChessBase"]
[SourceDate "2022.05.31"]
[SourceVersion "1"]
[SourceVersionDate "2022.05.31"]
[SourceQuality "1"]

1. e4 c5 2. Nf3 d6 3. d4 cxd4 4. Nxd4 Nf6 5. Nc3 g6 6. Bc4 Bg7 7. f3 Nc6 8. Be3 0-0 9. Qd2 Bd7 10. 0-0-0 Rc8 11. Bb3 Ne5 12. f4 Nc4 13. Bxc4 Rxc4 14. h3 a6 15. f5 b5 16. b3 Rc8 17. g4 Qa5 18. Nde2 Nxe4 19. Nxe4 Qa3+ 20. Kb1 Qb2# 0-1

[Event "Feria de las Flores 28th"]
[Site "Medellin"]
[Date "2021.08.08"]
[Round "9"]
[White "Ortiz Monsalve, Sebastian"]
[Black "Finley Rosero, Karol Valentina"]
[Result "1-0"]
[WhiteElo "1459"]
[BlackElo "1630"]
[PlyCount "51"]
[EventDate "2021.08.04"]
[EventType "swiss"]
[EventRounds "9"]
[EventCountry "COL"]
[SourceTitle "EXT 2022"]
[Source "ChessBase"]
[SourceDate "2021.10.06"]
[SourceVersion "1"]
[SourceVersionDate "2021.10.06"]
[SourceQuality "1"]

1. e4 c5 2. Nf3 d6 3. d4 cxd4 4. Nxd4 Nf6 5. Nc3 g6 6. f3 Bg7 7. Be3 0-0 8. Qd2 Nc6 9. g4 Bd7 10. 0-0-0 Rc8 11. h4 h5 12. gxh5 Nxh5 13. Rg1 Kh7 14. Be2 Ne5 15. f4 Nc4 16. Bxc4 Rxc4 17. Rg5 Nxf4 18. h5 e5 19. hxg6+ fxg6 20. Nf3 Rf6 21. Rh1+ Kg8 22. Bxf4 Rxf4 23. Qd5+ Kf8 24. Qxc4 Rxf3 25. Rxg6 Qb6 26. Rh8+ 1-0

[Event "Pereira op-B"]
[Site "Pereira"]
[Date "2021.02.28"]
[Round "6"]
[White "Soto Ramirez, Andres Camilo"]
[Black "Finley Rosero, Karol Valentina"]
[Result "1/2-1/2"]
[WhiteElo "1236"]
[BlackElo "1655"]
[PlyCount "99"]
[EventDate "2021.02.25"]
[EventType "swiss"]
[EventRounds "7"]
[EventCountry "COL"]
[SourceTitle "EXT 2022"]
[Source "ChessBase"]
[SourceDate "2021.10.06"]
[SourceVersion "1"]
[SourceVersionDate "2021.10.06"]
[SourceQuality "1"]

1. e4 c5 2. Nf3 d6 3. d4 cxd4 4. Nxd4 Nf6 5. Nc3 g6 6. Bd3 Nc6 7. Nxc6 bxc6 8. 0-0 Bg7 9. h3 0-0 10. Be3 Nd7 11. Qd2 Bb7 12. Bh6 d5 13. Bxg7 Kxg7 14. exd5 cxd5 15. Bb5 Nf6 16. Rad1 Qb6 17. a4 a6 18. Be2 Rfd8 19. Qd4 Qxd4 20. Rxd4 Rab8 21. Rb4 e5 22. f4 d4 23. fxe5 Ne4 24. Nxe4 Bxe4 25. c3 Rxb4 26. cxb4 d3 27. Bd1 Rd4 28. Rf4 Rxb4 29. b3 g5 30. Rg4 f6 31. Kf2 h5 32. Rg3 Bg6 33. e6 Kf8 34. Re3 Ke7 35. g4 hxg4 36. hxg4 Rb6 37. Kf3 Rxe6 38. Rxe6+ Kxe6 39. b4 Kd5 40. Ke3 Kc4 41. b5 axb5 42. axb5 Kxb5 43. Kd4 Kb4 44. Kd5 f5 45. Ke5 fxg4 46. Bxg4 Kc3 47. Kf6 Be4 48. Kxg5 Bg2 49. Kf4 Kd2 50. Bf5 1/2-1/2